Chansons de Gazo - Statistiques

Statistiques générales
  • Ce quiz a été pris 823 fois
    298 depuis la dernière actualisation
  • Le résultat moyen est 29 sur 57
Statistiques - réponses
Album Chanson % Correct
KMT Die
85%
LA MELO EST GANGX Mami wata
75%
LA MELO EST GANGX Notre dame
74%
KMT Fleurs
73%
LA MELO EST GANGX Cartier
71%
APOCALYPSE Nanani nanana
69%
KMT Rappel
68%
LA MELO EST GANGX 100k
66%
APOCALYPSE Birthday
65%
DRILL FR Haine&Sex
64%
LA MELO EST GANGX 200k
63%
KMT Celine 3X
62%
KMT Becte
61%
KMT Bodies
60%
APOCALYPSE Toki
60%
LA MELO EST GANGX 24/34
59%
DRILL FR Euphon
58%
LA MELO EST GANGX Outro
58%
DRILL FR Drill FR 5
57%
DRILL FR Intro
56%
APOCALYPSE Probation
56%
DRILL FR Kassav
55%
LA MELO EST GANGX Afrikanbadman
54%
DRILL FR Tchin 2X
53%
APOCALYPSE Wemby
53%
KMT Lettre à un opps
51%
KMT M.A.L.A
51%
KMT Molly
51%
APOCALYPSE La belle et la bête
49%
KMT Gra Gra Boom
48%
LA MELO EST GANGX Interlude
48%
KMT Mauvais 2X
48%
APOCALYPSE Pop
48%
APOCALYPSE Iluv
47%
DRILL FR A$AP
45%
LA MELO EST GANGX Sobad
45%
APOCALYPSE Fiesta
43%
LA MELO EST GANGX A.V.S.D
42%
APOCALYPSE Optimale
42%
APOCALYPSE Encore plus fort elle aime ça
41%
LA MELO EST GANGX Ambitions
40%
APOCALYPSE Pure codei
40%
APOCALYPSE Wayans
38%
KMT Hennessy
37%
DRILL FR Cache cou
36%
KMT Impact
36%
KMT Boss
35%
DRILL FR BSB
35%
DRILL FR Parkinson
35%
APOCALYPSE Selele
35%
DRILL FR Malagangx
34%
DRILL FR Go
32%
KMT Jeux dangereux
32%
DRILL FR On a
32%
DRILL FR Inhumain
31%
APOCALYPSE Sevice
29%
DRILL FR Mon cher
27%
Aucun quiz correspondant
Distribution des résultats
% des personnes avec chaque résultat
Percentile par nombre de réponses
Votre historique - résultats
Vous n’avez pas pris ce quiz depuis la dernière actualisation